Word Ladder: Two-Word Terms Loop II Quiz Stats

 Plays Quiz Updated Feb 10, 2019

     
Support Sporcle.
Go Orange.
Score 0/18 Timer 02:00
0 Plays Today
Clue 4-Letter Rung % Correct
'Person of the Year' magazine
[Rung 8][Rung 14]: Workplace punching paper
• TIME •
88.8%
Product of Hallmark
[Rung 14][Rung 18]: Bridge or poker, e.g.
• CARD •
88.2%
Flue residueSOOT
87.1%
Trumpet soundTOOT
87%
Pitchfork prongTINE
86.2%
Monopoly or chess, e.g.
[Rung18][Rung1]: Daytime TV staple
• GAME •
85.6%
Shakespeare, notablyBARD
85.6%
Big bookTOME
84.9%
Pulled apartTORE
83.9%
Clue 4-Letter Rung % Correct
Actor GrantCARY
81.6%
Legal wrongTORT
81.1%
Actor ColemanGARY
80.8%
Quick drinkSHOT
75.1%
Like venisonGAMY
74%
TV program or stage performance, e.g.
[Rung 1][Rung 8]: When the curtain rises
• SHOW •
72.2%
Flock memberBIRD
69.9%
Tough situationBIND
58.8%
Climbing plantBINE
54.8%

Today's Daily Dose

Missing Word
Brands of Alcohol

Word Ladder
A Little Room?

Get the Picture
SpongeBob Rivalry

From the Vault

Human Body Systems (Redux)

by phosphorus51

Science 60s
Your life depends on these.
Remove Ads.
Support Sporcle.
Get the best of Sporcle when you Go Orange. This ad-free experience offers more features, more stats, and more fun while also helping to support Sporcle. Thank you for becoming a member.

Show Comments

Extras

Top Quizzes Today


Score Distribution

Your Account Isn't Verified!

In order to create a playlist on Sporcle, you need to verify the email address you used during registration. Go to your Sporcle Settings to finish the process.

Report this User

Report this user for behavior that violates our Community Guidelines.

Details: